000 00620nam a22002057a 4500
001 35380
003 BD-RjUL
005 20211209052317.0
008 140524q1961 bg ||||| |||| 00| 0 eng d
035 _a(BD-RjUL)35474
040 _aBD-RjUL
_beng
_cBD-RjUL
041 _aeng
082 _a305.563305491
_bPAT 1961
110 _aSocio Economic Research Board Rajshahi University
_9109971
245 _aThe Pattern of a Peasant Economy Puthia A Case Study /
260 _aRajshahi :
_bRajshahi University,
_c1961.
300 _a166 p. ;
_c23 cm.
650 _a Peasants -- Pakistan -- Puthia.
_9107770
942 _2ddc
_cBK
999 _c35380
_d35380